00496nam a22001457a 450000500170000001000150001702000260003203500140005803700130007208200150008524500600010026000420016027001010020230000470030320220825160515.0 aENG-134654 c995.00a9789385493881 aEN-118186 bDBAD/PUB a954.035092 aDr. Syama Prasad Mukherjee/cEdited by Harsharan Singh  c2016bH. O. Rathore publicationaU.P. bU.P.aBasement-260, Shaktikhand-III, indirapuram, ghaziabade201010mrathorepublishers@gmail.com avii, 160p.c22cm(hbk)bBibliography, Index